书目信息 |
| 题名: |
田径
|
|
| 作者: | ;体育院、系教材编审委员会《田径》编写组 编 | |
| 分册: | 下册 | |
| 出版信息: | 北京 人民体育出版社 1978 |
|
| 页数: | 298页 | |
| 开本: | 20cm | |
| 丛书名: | ||
| 单 册: | ||
| 中图分类: | G82 | |
| 科图分类: | ||
| 主题词: | 田径运动--高等学校--教材 | |
| 电子资源: | ||
| ISBN: | ||
| 000 | 00822nam0 2200241 45 | |
| 001 | 0178004952 | |
| 005 | 20070712155617.68 | |
| 010 | @dCNY1.20 | |
| 091 | @a7015.1681 | |
| 100 | @a19950717d1978 em y0chiy0121 ea | |
| 101 | 0 | @achi |
| 102 | @aCN@b110000 | |
| 105 | @ay z 000yy | |
| 200 | 10 | @a田径@Atian jing@h下册@f体育院、系教材编审委员会《田径》编写组编@Fti yu yuan、xi jiao cai bian shen wei yuan hui《tian jing》bian xie zu bian |
| 210 | @a北京@c人民体育出版社@d1978 | |
| 215 | @a298页@d20cm | |
| 300 | @a体育系通用教材 | |
| 300 | @a内部发行 | |
| 606 | @a田径运动@x高等学校@x教材 | |
| 690 | @aG82@v3 | |
| 711 | 0 | @a体育院、系教材编审委员会《田径》编写组@Ati yu yuan、xi jiao cai bian shen wei yuan hui《tian jing》bian xie zu@4编 |
| 801 | 0 | @aCN@bNLC@c20070712 |
| 905 | @f1@b72773@dG82@e2:2@b33031-040@f10 | |
| 田径.下册/体育院、系教材编审委员会《田径》编写组编.-北京:人民体育出版社,1978 |
| 298页;20cm |
| 体育系通用教材.-内部发行 |
| ISBN :CNY1.20 |
| ● |
| 相关链接 |
|
|
|
|
正题名:田径
索取号:G82/2:2
 
预约/预借
| 序号 | 登录号 | 条形码 | 馆藏地/架位号 | 状态 | 备注 |
| 1 | 0010089 | 202138221 | 密集书库/ [索取号:G82/2:2] | 在馆 | |
| 2 | 0033031 | 000996514 | 密集书库/ [索取号:G82/2:2] | 在馆 | |
| 3 | 0033032 | 000997354 | 密集书库/ [索取号:G82/2:2] | 在馆 | |
| 4 | 0033033 | 000996612 | 密集书库/ [索取号:G82/2:2] | 在馆 | |
| 5 | 0033034 | 000996630 | 密集书库/ [索取号:G82/2:2] | 在馆 | |
| 6 | 0033035 | 000996578 | 密集书库/ [索取号:G82/2:2] | 在馆 | |
| 7 | 0033036 | 000290535 | 密集书库/ [索取号:G82/2:2] | 在馆 | |
| 8 | 0033037 | 000996621 | 密集书库/ [索取号:G82/2:2] | 在馆 | |
| 9 | 0033038 | 000996649 | 密集书库/ [索取号:G82/2:2] | 在馆 | |
| 10 | 0033039 | 000996596 | 密集书库/ [索取号:G82/2:2] | 在馆 | |
| 11 | 0033040 | 000290544 | 密集书库/ [索取号:G82/2:2] | 在馆 | |
| 12 | 0072773 | 000996505 | 密集书库/ [索取号:G82/2:2] | 在馆 | |
| 13 | 0072774 | 202254443 | 密集书库/ [索取号:G82/2:2] | 在馆 | |
| 14 | 0441125 | 204411252 | 密集书库/ [索取号:G82/2:2] | 在馆 | |
| 15 | 0447451 | 204474513 | 密集书库/ [索取号:G82/2:2] | 在馆 | |
| 16 | 0447452 | 204474522 | 密集书库/ [索取号:G82/2:2] | 在馆 | |
| 17 | 0447453 | 204474531 | 密集书库/ [索取号:G82/2:2] | 在馆 | |
| 18 | 0447454 | 204474540 | 密集书库/ [索取号:G82/2:2] | 在馆 | |
| 19 | 0447983 | 204479830 | 密集书库/ [索取号:G82/2:2] | 在馆 | |
| 20 | 0448673 | 204486733 | 密集书库/ [索取号:G82/2:2] | 在馆 | |
| 21 | 0459171 | 204591717 | 密集书库/ [索取号:G82/2:2] | 在馆 | |
| 22 | 0769912 | 207699123 | 密集书库/ [索取号:G82/2:2] | 在馆 |